000 00904nam a22002897a 4500
003 CHAP
005 20220329135303.0
008 971013s r 00010 d
010 _a33808
011 _a34780
035 _a38896
040 _cCHAP
090 _aR-3505
100 0 0 _aMortensen, L. M.
_978951
245 _aEffects of summer lighting, plant density, and pruning method on yield and quality of greenhouse roses
500 _aSobretiro de: Gartenbauwissenschaft 59(6):275-279, 1994
590 _aBATCH-UPD
_b10
_c20130110
_lUCH01
_h1634
590 _aCONVERSION
_b10
_c20130109
_lUCH01
_h1319
650 1 4 _aLuz
_xEfecto en rosas.
_969242
650 1 4 _aRosas
_xCalidad.
_999961
650 1 4 _aRosas
_xEspaciamiento.
_999969
650 1 4 _aRosas
_xPoda.
_999983
650 1 4 _aRosas
_xRendimiento.
_999988
901 _aBK
942 _cREIMP
949 _aR-3505
_bBC
_cR
_d-88962
_eTS1
_i38896
_si
999 _c33808
_d33808